Statystyki dla Najwięksi YouTuberzy A-Z w Polsce

Kliknij tutaj aby rozwiązać quiz!

Ogólne statystyki

  • Ten quiz został rozwiązany 2 511 razy
    (2 502 od ostatniego zresetowania)
  • Średni wynik to 6 z 25

Statystyki odpowiedzi

LiteraLiczba subskrypcjiYouTuber% Poprawnych
B4 420 000Blowek
90%
K3 810 000Karol Friz Wiśniewski
88%
R3 950 000reZigiusz
65%
S4 270 000Stuu
64%
A3 490 000AbstrachujeTV
53%
N3 000 000Naruciak
41%
I2 330 000IsAmU
26%
V2 080 000Vito Minecraft
26%
P2 650 000Planeta Faktów
17%
X400 000Xayoo
16%
M1 970 000MULTI
15%
W1 780 000Wojan
15%
C1 190 000Cyber Marian
10%
J1 690 000JDabrowsky
8%
Z1 470 000Z Dvpy
7%
D1 730 000DeeJayPallaside
6%
G1 580 000GPlay: Minecraft Jest Nasz!
5%
F1 740 000Fit Lovers
4%
T1 980 000tvnpl
4%
E989 000Enzzi
3%
H1 180 000Historia bez cenzury
3%
O686 000OMatkoiCórko!!!
2%
Y723 000Young Igi
2%
L1 020 000LETNI
1%
U789 000Urbex History
1%

Rozkład punktacji

Percentyl według liczby udzielonych odpowiedzi

Procent ludzi z każdym wynikiem

Twoja historia wyników

Nie rozwiązałeś tego quizu od ostatniego zresetowania